Kiến trúc máy tính : (giáo trình cao đẳng sư phạm) /

Đã lưu trong:
Chi tiết về thư mục
Tác giả chính: Trần Quang Vinh
Định dạng: Sách
Ngôn ngữ:Vietnamese
Được phát hành: Đại học Sư phạm 2007
Các nhãn: Thêm thẻ
Không có thẻ, Là người đầu tiên thẻ bản ghi này!
Thư viện lưu trữ: Mạng thư viện Đại học Đà Nẵng
LEADER 00664nam a2200265 4500
001 000028382
003 TR-VJ
005 20150403120000.0
008 150403s vm 000 vie
020 |c 0,0000 
040 |a notts 
100 |a Trần Quang Vinh 
245 |a Kiến trúc máy tính : (giáo trình cao đẳng sư phạm) /  |c Trần Quang Vinh. 
260 |b Đại học Sư phạm  |c 2007 
OWN |a LTT 
999 |a From the UDN01 
TYP |a Monograph 
TYP |a Printed language 
980 |a Mạng thư viện Đại học Đà Nẵng